000 01890cam a22001698i 4500
999 _c13763
_d13763
020 _a9781526663559
082 0 0 _aFic M112 2020
100 1 _aMaas, Sarah J.
245 1 0 _aHouse of earth and blood :
_ba Crescent City novel /
_cby Sarah J. Maas.
260 _aIreland :
_bBloomsbury Publishing,
_cc2020.
300 _a803 pages ;
_b25 cm.
490 0 _aCrescent City
520 _a"Half-Fae, half-human Bryce Quinlan loves her life. By day, she works for an antiquities dealer, selling barely legal magical artifacts, and by night, she parties with her friends, savoring every pleasure Lunathion-otherwise known as Crescent City-has to offer. But it all comes crumbling down when a ruthless murder shakes the very foundations of the city-and Bryce's world. Two years later, her job has become a dead end, and she now seeks only blissful oblivion in the city's most notorious nightclubs. But when the murderer attacks again, Bryce finds herself dragged into the investigation and paired with an infamous Fallen angel whose own brutal past haunts his every step. Hunt Athalar, personal assassin for the Archangels, wants nothing to do with Bryce Quinlan, despite being ordered to protect her. She stands for everything he once rebelled against and seems more interested in partying than solving the murder, no matter how close to home it might hit. But Hunt soon realizes there's far more to Bryce than meets the eye-and that he's going to have to find a way to work with her if they want to solve this case. As Bryce and Hunt race to untangle the mystery, they have no way of knowing the threads they tug ripple through the underbelly of the city, across warring continents, and down to the darkest levels of Hel, where things that have been sleeping for millennia are beginning to stir.."--
_cProvided by publisher.
526 _aFICTION
650 _aFantasy fiction.
942 _2ddc
_cBK